000 00791cab a2200181 4500
001 ##L133598
008 060522n2006 000 0 eng u
035 _a(Sirsi) u133598
041 0 _aeng
245 0 0 _aUK Green Building Council
260 _c2006
490 0 _aConstructing the Future
_v(28) Summer 2006, 5-6(2)
520 _aLooks at moves to establish a UK Green Building Council to act as a champion for green buildings and as a focus for developing and enhancing sustainable building design. Such councils already exist in the US and a number of other countries, and are credited with a rise in the number of buildings with low environmental impact.
590 _aIKA230506
651 4 _aUnited Kingdom
_y
690 _aBUILT ENVIRONMENT-SUSTAINABLE CONSTRUCTION
942 _n0
999 _c77103
_d77103